[Event "Interclubs Adultes"]
[Site "NANTES"]
[Date "6.??.??"]
[Round "11.6"]
[White "Daurelle, Herve"]
[Black "Capitaine, Adrien"]
[Result "1-0"]
[WhiteElo "2242"]
[BlackElo "2147"]
[PlyCount "87"]
[EventDate "6.??.??"]
[WhiteTeam "Clichy II"]
[BlackTeam "Guingamp"]

1. e4 e5 2. Bc4 f5 3. d3 Nf6 4. Nf3 Nc6 5. O-O d6 6. Ng5 d5 7. exd5 Nxd5 8. Nc3
Nce7 9. Re1 Qd6 10. f4 h6 11. Nf3 Nxc3 12. bxc3 exf4 13. Ne5 Bd7 14. Qh5+ g6
15. Nxg6 O-O-O 16. Nxh8 Bg7 17. Nf7 Qc5+ 18. Kh1 Bxc3 19. Nxd8 Bxe1 20. Bb2 Qf2
21. Qf3 Kxd8 22. Qxf2 Bxf2 23. Rf1 Be3 24. Bc1 Ng6 25. Bd5 c6 26. Bf3 Ne5 27.
Re1 Bxc1 28. Rxc1 Kc7 29. Rf1 Be6 30. a3 c5 31. Ra1 Nxf3 32. gxf3 Kd6 33. Rg1
Ke5 34. c3 Bd5 35. Kg2 b6 36. Kf2 Kf6 37. Re1 Bc6 38. Rd1 Ke5 39. d4+ Kd5 40.
dxc5+ Kxc5 41. Rd4 h5 42. Rxf4 Bd7 43. Rd4 Be6 44. Ke3 1-0

[Event "Interclubs Adultes"]
[Site "NANTES"]
[Date "6.??.??"]
[Round "11.7"]
[White "Bodenez, Vincent"]
[Black "Coste, Thierry"]
[Result "1-0"]
[WhiteElo "2173"]
[BlackElo "2182"]
[PlyCount "75"]
[EventDate "6.??.??"]
[WhiteTeam "Guingamp"]
[BlackTeam "Clichy II"]

1. e4 c5 2. Nf3 Nc6 3. d4 cxd4 4. Nxd4 g6 5. Nc3 Bg7 6. Be3 Nf6 7. Bc4 O-O 8.
Bb3 d6 9. f3 Bd7 10. Qe2 a6 11. O-O-O Rc8 12. g4 b5 13. Nxc6 Rxc6 14. Kb1 Rxc3
15. bxc3 Qc7 16. c4 Be6 17. cxb5 axb5 18. Bd4 Nd7 19. Bxg7 Kxg7 20. h4 Nc5 21.
h5 Na4 22. Qd2 Nc3+ 23. Kb2 Nxd1+ 24. Rxd1 Bxb3 $11 25. h6+ Kg8 26. cxb3 Rb8
27. Qd4 f6 28. Rc1 Qa5 29. b4 Qa4 30. a3 Ra8 31. Rc3 Qa6 32. g5 Qa7 $4 33. Rc8+
Kf7 34. Qd5+ e6 35. Qxa8 Qd4+ 36. Rc3 Qd2+ 37. Rc2 Qd4+ 38. Ka2 1-0

[Event "Interclubs Adultes"]
[Site "NANTES"]
[Date "6.??.??"]
[Round "11.8"]
[White "Marchadour, Emilie"]
[Black "Le Diouron, Aurelie"]
[Result "0-1"]
[WhiteElo "2125"]
[BlackElo "2016"]
[PlyCount "56"]
[EventDate "6.??.??"]
[WhiteTeam "Clichy II"]
[BlackTeam "Guingamp"]

1. e4 e5 2. Nf3 Nc6 3. Bb5 f5 4. Bxc6 dxc6 5. Nxe5 Nf6 6. exf5 Bxf5 7. d3 Qd5
8. Nf3 O-O-O 9. Be3 Qb5 10. Qc1 Re8 11. O-O Bg4 12. Nc3 Qh5 13. Ng5 Bf5 14. f3
Qg6 15. Kh1 Nd5 16. Nxd5 cxd5 17. f4 Bd6 18. Nf3 Qh5 19. Qd2 Rhg8 20. Bg1 g5
21. Nxg5 Re2 22. Qd1 h6 23. Rf2 Bg4 24. Rxe2 Bxe2 25. Qe1 hxg5 26. Qf2 b6 27.
Re1 Bg4 28. fxg5 Rh8 0-1

[Event "Interclubs Adultes"]
[Site "NANTES"]
[Date "6.??.??"]
[Round "11.8"]
[White "Helie, Marc"]
[Black "Marchadour, Claire"]
[Result "1/2-1/2"]
[WhiteElo "2148"]
[BlackElo "2048"]
[PlyCount "34"]
[EventDate "6.??.??"]
[WhiteTeam "Deauville"]
[BlackTeam "C.E. Nantes"]

1. e4 c5 2. Nf3 Nc6 3. d4 cxd4 4. Nxd4 Nf6 5. Nc3 d6 6. Bc4 e5 7. Nb3 Be7 8.
Be3 O-O 9. Qe2 Na5 10. Nxa5 Qxa5 11. O-O-O Bd7 12. f3 a6 13. g4 Bc6 14. g5 Nd7
15. h4 b5 16. Bb3 Nc5 17. Kb1 Nxb3 1/2-1/2

[Event "Nationale I"]
[Site "Noisy le Grand"]
[Date "2008.04.05"]
[Round "10"]
[White "Onkoud, Abdelaziz"]
[Black "David, Vincent"]
[Result "1-0"]
[WhiteElo "2396"]
[BlackElo "2386"]
[PlyCount "55"]
[EventDate "2008.??.??"]

1. d4 d5 2. Nf3 c5 3. e3 cxd4 4. exd4 Nf6 5. Bd3 Nc6 6. c3 Bg4 7. h3 Bh5 8. Bf4
e6 9. Nbd2 Bd6 10. Bxd6 Qxd6 11. O-O O-O 12. Qe1 Nd7 13. Qe3 Rfe8 14. Qg5 Bg6
15. Bxg6 hxg6 16. Rfe1 b5 17. Re3 Na5 18. h4 b4 19. h5 gxh5 20. Qxh5 Nf6 21.
Qh4 bxc3 22. bxc3 Nc6 23. Ne5 Ne7 24. Rg3 Nd7 25. Rh3 Ng6 26. Qh7+ Kf8 27.
Nxg6+ fxg6 28. Qxg6 1-0

[Event "Nationale I"]
[Site "Noisy le Grand"]
[Date "2008.04.05"]
[Round "10"]
[White "Demuth, Adrien"]
[Black "Haik, Aldo"]
[Result "1/2-1/2"]
[WhiteElo "2270"]
[BlackElo "2379"]
[PlyCount "101"]
[EventDate "2008.??.??"]

1. d4 Nf6 2. c4 e6 3. Nf3 d5 4. Nc3 Be7 5. Bg5 h6 6. Bh4 Ne4 7. Bxe7 Qxe7 8.
Rc1 Nxc3 9. Rxc3 O-O 10. Qc2 c6 11. e3 Nd7 12. Be2 dxc4 13. Rxc4 e5 14. O-O Nb6
15. Rc5 exd4 16. Nxd4 Bd7 17. Bf3 Be6 18. b4 Nd7 19. Rc3 Ne5 20. b5 Nxf3+ 21.
Nxf3 cxb5 22. Nd4 Bc4 23. Rb1 a6 24. f3 Rfe8 25. a4 Qf6 26. Qc1 Re5 27. e4 Rd8
28. Nf5 Re6 29. Ne3 Qd4 30. Kh1 Rc6 31. Nf5 Qe5 32. Qa3 Rc7 33. axb5 axb5 34.
h3 Rcd7 35. Rcc1 Rd2 36. Qe3 Re2 37. Qb6 Rdd2 38. Rg1 h5 39. Qxb7 g6 40. Qe7
Qxe7 41. Nxe7+ Kf8 42. Nc6 Rb2 43. Rxb2 Rxb2 44. Rc1 Ba2 45. Rc5 b4 46. Rb5 b3
47. Nd4 Rb1+ 48. Kh2 h4 49. f4 Rf1 50. f5 gxf5 51. exf5 1/2-1/2

[Event "Nationale I"]
[Site "Noisy le Grand"]
[Date "2008.04.05"]
[Round "10"]
[White "Boudiba, Mahfoud"]
[Black "Tranchant, Sebastien"]
[Result "1-0"]
[WhiteElo "2367"]
[BlackElo "2257"]
[PlyCount "61"]
[EventDate "2008.??.??"]

1. d4 Nf6 2. c4 c5 3. d5 e6 4. Nc3 exd5 5. cxd5 d6 6. e4 g6 7. h3 Bg7 8. Nf3
O-O 9. Bd3 Nh5 10. O-O Nd7 11. Bg5 Bf6 12. Be3 Qe7 13. Nd2 b6 14. Be2 Ng7 15.
Qc2 g5 16. a4 Rb8 17. Nc4 Ne8 18. Qd2 Kh8 19. Ra3 Rg8 20. f4 gxf4 21. Bxf4 Ne5
22. Kh1 Ng6 23. Nb5 Ne5 24. Nxe5 dxe5 25. Bh2 Nd6 26. Nxd6 Qxd6 27. Bh5 Ba6 28.
Rf5 Bg7 29. Bxf7 Rgf8 30. Rg3 Rb7 31. Rxg7 1-0

[Event "Nationale I"]
[Site "Noisy le Grand"]
[Date "2008.04.05"]
[Round "10"]
[White "Voisembert, Alain"]
[Black "Moreno Trujillo, Alejandro"]
[Result "0-1"]
[WhiteElo "2102"]
[BlackElo "2415"]
[PlyCount "60"]
[EventDate "2008.??.??"]

1. e4 c5 2. Nf3 Nc6 3. Bb5 e6 4. c3 a6 5. Bxc6 bxc6 6. d4 d5 7. Qa4 Bd7 8. e5
Nh6 9. O-O Nf5 10. dxc5 Bxc5 11. Nbd2 O-O 12. Nb3 Bb6 13. Qg4 Kh8 14. Re1 c5
15. Bf4 f6 16. Rad1 Qe8 17. h4 h5 18. Qh3 Qg6 19. g3 Rae8 20. Kh2 Bc6 21. Rg1
Qg4 22. Qg2 d4 23. Nbd2 Ne7 24. exf6 gxf6 25. Bd6 Ba8 26. Rde1 Rg8 27. Bxe7
Rxe7 28. cxd4 cxd4 29. b4 Rc7 30. Rc1 Rc3 0-1

[Event "Nationale I"]
[Site "Noisy le Grand"]
[Date "2008.04.05"]
[Round "10"]
[White "Nguyen, Thanh Tong"]
[Black "Do, Huu Thi"]
[Result "1/2-1/2"]
[WhiteElo "2310"]
[BlackElo "2171"]
[PlyCount "140"]
[EventDate "2008.??.??"]

1. d4 f5 2. c4 e6 3. Nf3 Nf6 4. g3 Be7 5. Bg2 O-O 6. O-O Ne4 7. Qc2 Bf6 8. Nc3
d5 9. Bf4 c6 10. Bxb8 Rxb8 11. b4 Bd7 12. Rac1 Nd6 13. c5 Nf7 14. Qb3 a6 15. a4
Kh8 16. e3 g5 17. Ne2 Rg8 18. Nd2 h5 19. f4 g4 20. Nc3 h4 21. Rf2 Kg7 22. Bf1
Rh8 23. Bd3 Qg8 24. Nf1 Rh5 25. b5 axb5 26. axb5 Qh7 27. bxc6 Bxc6 28. Rg2 Kg6
29. Bb5 Qh8 30. Ne2 Qe8 31. Rb1 Rh8 32. Nc3 Ra8 33. Bxc6 bxc6 34. Na4 Ra7 35.
Nb6 Nd8 36. Nc8 Rb7 37. Qc2 Qd7 38. Rxb7 Nxb7 39. Nb6 Qc7 40. Qa4 Nd6 41. Ra2
Nb5 42. Qb4 Qh7 43. Rd2 Qa7 44. Qa4 Qxa4 45. Nxa4 Ra8 46. Ra2 Nxd4 47. exd4
Bxd4+ 48. Kh1 h3 49. Nc3 Rxa2 50. Nxa2 Bxc5 51. Nd2 Be3 52. Nf1 Bf2 53. Nc1 c5
54. Nd3 Bd4 55. Ne1 Kf6 56. Nc2 Bf2 57. Nfe3 c4 58. Nd1 Bc5 59. Nde3 Ke7 60.
Kg1 Kd7 61. Kf1 Kc6 62. Ke2 Kb5 63. Nd1 Bg1 64. Nc3+ Kc5 65. Na4+ Kd6 66. Kf1
Ba7 67. Nc3 Bc5 68. Nb5+ Ke7 69. Nbd4 Kf6 70. Nc6 Bb6 1/2-1/2

[Event "Nationale I"]
[Site "Noisy le Grand"]
[Date "2008.04.05"]
[Round "10"]
[White "Rano, David"]
[Black "Ley, Gerard"]
[Result "1-0"]
[WhiteElo "2191"]
[BlackElo "1859"]
[PlyCount "87"]
[EventDate "2008.??.??"]

1. d4 Nf6 2. c4 g6 3. Nc3 Bg7 4. e4 d6 5. Nf3 O-O 6. Be2 e5 7. O-O Nc6 8. d5
Ne7 9. Ne1 Ne8 10. Nd3 f5 11. f3 f4 12. g4 g5 13. Bd2 Ng6 14. Be1 Nf6 15. Bf2
h5 16. h3 Rf7 17. a4 Bf8 18. Kg2 Nh4+ 19. Bxh4 gxh4 20. Nf2 Rg7 21. Kh2 Bd7 22.
a5 hxg4 23. hxg4 Nh7 24. Nh3 Ng5 25. Qe1 a6 26. b4 Nxh3 27. Kxh3 c6 28. dxc6
bxc6 29. Na4 Be6 30. Nb6 Raa7 31. Rd1 Qf6 32. Qf2 c5 33. bxc5 dxc5 34. Rd3 Raf7
35. Rb3 Qg6 36. Rg1 Rb7 37. Rgb1 Qf7 38. Nd5 Rxb3 39. Rxb3 Qa7 40. Rb6 Bc8 41.
Nf6+ Kf7 42. Qxh4 Be7 43. Qh5+ Rg6 44. Nd5 1-0

[Event "Nationale I"]
[Site "Noisy le Grand"]
[Date "2008.04.05"]
[Round "10"]
[White "Marchais, Aurelie"]
[Black "Tatard, Marie"]
[Result "0-1"]
[WhiteElo "1779"]
[BlackElo "1913"]
[PlyCount "76"]
[EventDate "2008.??.??"]

1. e4 e6 2. d4 d5 3. Nc3 Nf6 4. Bg5 Be7 5. e5 Nfd7 6. Bxe7 Qxe7 7. f4 a6 8. Nf3
c5 9. Qd2 Nc6 10. O-O-O b5 11. g4 Nb6 12. Bg2 Bb7 13. Qf2 c4 14. f5 b4 15. Nb1
c3 16. b3 Qd8 17. h4 h6 18. Rde1 Nd7 19. a4 bxa3 20. Nxc3 Rc8 21. Na2 Qb6 22.
Qd2 Na5 23. Qb4 Nxb3+ 24. Kb1 Qxb4 25. Nxb4 Na5 26. Ka2 Nc4 27. Re2 Ndb6 28.
Nd2 a5 29. Nd3 Na4 30. Nb1 Ba6 31. Nc5 Nxc5 32. dxc5 Rxc5 33. fxe6 fxe6 34. Rf2
Nxe5 35. Nxa3 Nxg4 36. Rf3 Rf8 37. Rb3 Rc6 38. Re1 Kd7 0-1

[Event "Nationale I"]
[Site "Noisy le Grand"]
[Date "2008.04.05"]
[Round "10"]
[White "Legky, Nikolay A"]
[Black "Murey, Jacob"]
[Result "1/2-1/2"]
[WhiteElo "2471"]
[BlackElo "2415"]
[PlyCount "25"]
[EventDate "2008.??.??"]

1. d4 d5 2. c4 c6 3. Nf3 Nf6 4. cxd5 cxd5 5. Nc3 Nc6 6. Bf4 a6 7. e3 Bf5 8. Be2
h6 9. O-O e6 10. Ne5 Nxe5 11. Bxe5 Bd6 12. Bxd6 Qxd6 13. Rc1 1/2-1/2

[Event "Nationale I"]
[Site "Noisy le Grand"]
[Date "2008.04.05"]
[Round "10"]
[White "Mayaud, Raphael"]
[Black "Todorov, Todor"]
[Result "0-1"]
[WhiteElo "2201"]
[BlackElo "2505"]
[PlyCount "108"]
[EventDate "2008.??.??"]

1. d4 d5 2. Nf3 Nc6 3. c4 Bg4 4. cxd5 Bxf3 5. dxc6 Bxc6 6. f3 Nf6 7. e4 e6 8.
Nc3 Bb4 9. Be3 Ba5 10. Qd2 Qe7 11. Be2 Rd8 12. O-O O-O 13. Rad1 Rd7 14. Qc1 Bb6
15. Rd3 a6 16. Rfd1 Rfd8 17. Bf1 Bb5 18. Nxb5 axb5 19. a3 c6 20. g3 Ne8 21. d5
Bxe3+ 22. Qxe3 exd5 23. exd5 Qxe3+ 24. Rxe3 Nf6 25. Rde1 Rxd5 26. Re7 R5d7 27.
Bh3 Rxe7 28. Rxe7 Rd1+ 29. Kf2 Rd2+ 30. Re2 Rd8 31. Re7 Rd2+ 32. Re2 Rxe2+ 33.
Kxe2 Kf8 34. Bc8 Ke7 35. Bxb7 Kd7 36. Kd3 Kc7 37. Ba6 Nd7 38. Kd4 Nb8 39. Bxb5
cxb5 40. Kc5 Nc6 41. f4 b4 42. axb4 Nd8 43. Kb5 Nb7 44. Ka6 Nd6 45. Ka7 Nb5+
46. Ka6 Kc6 47. Ka5 Nd4 48. Ka6 h5 49. Ka5 f6 50. Ka6 g5 51. fxg5 fxg5 52. h3
g4 53. hxg4 hxg4 54. Ka5 Kb7 0-1

[Event "Nationale I"]
[Site "Noisy le Grand"]
[Date "2008.04.05"]
[Round "10"]
[White "Komarov, Dimitri"]
[Black "Reilhac, Philippe"]
[Result "1-0"]
[WhiteElo "2536"]
[BlackElo "2067"]
[PlyCount "55"]
[EventDate "2008.??.??"]

1. d4 g6 2. Nf3 Bg7 3. c4 Nf6 4. Nc3 d5 5. cxd5 Nxd5 6. e4 Nxc3 7. bxc3 O-O 8.
Be2 c5 9. O-O Nc6 10. Be3 Bg4 11. d5 Ne5 12. Bxc5 Nxf3+ 13. Bxf3 Bxf3 14. Qxf3
Rc8 15. Bd4 Bxd4 16. cxd4 Rc4 17. Rfd1 Qd7 18. Rab1 Rfc8 19. h4 h5 20. e5 Rc3
21. Qe4 Qa4 22. e6 f5 23. Qf4 R8c7 24. d6 exd6 25. Qxd6 Qe8 26. d5 b6 27. Qe5
Re7 28. Qxc3 1-0

[Event "Nationale I"]
[Site "Noisy le Grand"]
[Date "2008.04.05"]
[Round "10"]
[White "Steimer, Michel"]
[Black "Karr, Jean Philippe"]
[Result "0-1"]
[WhiteElo "2160"]
[BlackElo "2388"]
[PlyCount "66"]
[EventDate "2008.??.??"]

1. d4 Nf6 2. c4 g6 3. Nc3 d5 4. Bf4 Bg7 5. e3 c5 6. dxc5 Qa5 7. Rc1 dxc4 8.
Bxc4 O-O 9. Nf3 Qxc5 10. Nb5 Qb4+ 11. Kf1 Be6 12. Bxe6 Qxb5+ 13. Bc4 Qxb2 14.
Be5 Qa3 15. Qc2 Nc6 16. Bb2 Qa5 17. Ke2 Rac8 18. Qb3 Ne4 19. Bxg7 Kxg7 20. Rhd1
Nd6 21. Qb2+ Kg8 22. Bb3 Qb5+ 23. Ke1 Nb4 24. Rc3 Ne4 25. Rxc8 Rxc8 26. Qd4
Nc2+ 27. Bxc2 Rxc2 28. Qd8+ Kg7 29. Nd4 Qb4+ 30. Kf1 Rxf2+ 31. Kg1 Qb2 32. Ne6+
fxe6 33. Qxe7+ Rf7 0-1

[Event "Nationale I"]
[Site "Noisy le Grand"]
[Date "2008.04.05"]
[Round "10"]
[White "Almazan, Jerome"]
[Black "Giffard, Nicolas"]
[Result "0-1"]
[WhiteElo "1935"]
[BlackElo "2375"]
[PlyCount "68"]
[EventDate "2008.??.??"]

1. e4 c6 2. d4 d5 3. Nc3 dxe4 4. Nxe4 Nf6 5. Nxf6+ exf6 6. c3 Bd6 7. Bd3 O-O 8.
Qc2 Kh8 9. Ne2 Qc7 10. Be3 Bg4 11. O-O-O Nd7 12. Kb1 Rfe8 13. Rde1 Nf8 14. h4
Bxe2 15. Qxe2 Re7 16. h5 Rae8 17. h6 g6 18. Qf3 Nd7 19. Rd1 a6 20. Bc2 b5 21.
g4 a5 22. d5 c5 23. g5 f5 24. Bc1 Ne5 25. Qh3 Ng4 26. Qf3 c4 27. Bxf5 gxf5 28.
Qxf5 Qd7 29. Qf3 f5 30. gxf6 Rf7 31. Bg5 Re5 32. Bh4 Qf5+ 33. Qxf5 Rxf5 34.
Rhg1 Nxf6 0-1

[Event "Nationale I"]
[Site "Noisy le Grand"]
[Date "2008.04.05"]
[Round "10"]
[White "Winants, Luc"]
[Black "Bojkov, Dejan"]
[Result "1/2-1/2"]
[WhiteElo "2520"]
[BlackElo "2492"]
[PlyCount "87"]
[EventDate "2008.??.??"]

1. d4 Nf6 2. c4 g6 3. Nc3 Bg7 4. e4 d6 5. Be2 O-O 6. Nf3 Na6 7. O-O e5 8. Be3
Ng4 9. Bg5 Qe8 10. Re1 h6 11. Bh4 exd4 12. Nxd4 Qe5 13. Nf3 Qc5 14. Nd2 Qd4 15.
a3 g5 16. Bg3 f5 17. exf5 Bxf5 18. Nde4 Qxd1 19. Raxd1 Rae8 20. f3 Nf6 21. b4
Nxe4 22. Nxe4 Bxe4 23. fxe4 Be5 24. c5 dxc5 25. Bc4+ Kh8 26. Bxa6 bxa6 27. bxc5
Rf7 28. Rf1 Rfe7 29. Bxe5+ Rxe5 30. Rd7 Rxc5 31. Rf6 h5 32. Rh6+ Kg8 33. Rxh5
Rxe4 34. Rhh7 g4 35. Rdg7+ Kf8 36. Rxc7 Rxc7 37. Rxc7 Re3 38. a4 g3 39. hxg3
Re4 40. a5 Re5 41. Rxa7 Rxa5 42. g4 Rg5 43. Rxa6 Rxg4 44. Ra7 1/2-1/2

[Event "Nationale I"]
[Site "Noisy le Grand"]
[Date "2008.04.05"]
[Round "10"]
[White "Inkiov, Ventzislav"]
[Black "Gharamian, Tigran"]
[Result "1/2-1/2"]
[WhiteElo "2446"]
[BlackElo "2554"]
[PlyCount "126"]
[EventDate "2008.??.??"]

1. d4 Nf6 2. c4 g6 3. Nc3 Bg7 4. Nf3 O-O 5. Bg5 c5 6. e3 cxd4 7. Nxd4 Nc6 8.
Qd2 Qa5 9. Bh4 Nxd4 10. exd4 d5 11. c5 Re8 12. Be2 e5 13. Bxf6 Bxf6 14. Nxd5
Qxd2+ 15. Kxd2 Bg5+ 16. f4 Rd8 17. fxg5 Rxd5 18. Bf3 Rxd4+ 19. Ke3 Bf5 20. Rhd1
Rb4 21. Rd2 Rc8 22. Rc1 Rb5 23. c6 bxc6 24. Rxc6 Rxc6 25. Bxc6 Rc5 26. Bd5 Kg7
27. Bb3 Rc6 28. Rd8 Be6 29. Bxe6 Rxe6 30. Ra8 Ra6 31. a3 h6 32. h4 hxg5 33.
hxg5 Rb6 34. b4 Ra6 35. Ke4 Rxa3 36. Kxe5 Rb3 37. Rxa7 Rxb4 38. Ra3 Rg4 39. g3
Rxg5+ 40. Kf4 Rf5+ 41. Kg4 Rb5 42. Kf3 Kh6 43. Ra7 Rb3+ 44. Kg2 f5 45. Ra6 Kh5
46. Ra5 Kg5 47. Ra6 Rb5 48. Ra4 Rc5 49. Rb4 Ra5 50. Rc4 Re5 51. Kf3 Rd5 52. Ra4
Rd6 53. Rb4 Rd3+ 54. Kf2 Ra3 55. Rc4 Ra2+ 56. Kf3 Rh2 57. Ra4 Kh6 58. Ra5 Rb2
59. Rc5 Rb3+ 60. Kf2 Kh5 61. Ra5 g5 62. Rxf5 Kg4 63. Ra5 Rb2+ 1/2-1/2

[Event "Nationale I"]
[Site "Noisy le Grand"]
[Date "2008.04.05"]
[Round "10"]
[White "Jossien, Arnaud"]
[Black "Pel, Bonno"]
[Result "0-1"]
[WhiteElo "2393"]
[BlackElo "2288"]
[PlyCount "84"]
[EventDate "2008.??.??"]

1. e4 d6 2. d4 g6 3. f4 Nf6 4. Nc3 Bg7 5. Nf3 O-O 6. e5 Nfd7 7. h4 c5 8. h5
cxd4 9. hxg6 dxc3 10. gxf7+ Rxf7 11. Bc4 e6 12. Ng5 cxb2 13. Bxb2 Qa5+ 14. Qd2
Qxd2+ 15. Kxd2 Nb6 16. Bd3 Rxf4 17. g3 Rf2+ 18. Ke3 Rf5 19. Nxh7 Bxe5 20. Bxe5
Nd5+ 21. Kd2 dxe5 22. c4 Ne7 23. Bxf5 exf5 24. Nf6+ Kf7 25. Nd5 Nxd5 26. cxd5
Nd7 27. Rh7+ Kg6 28. Rah1 Nf6 29. Re7 Bd7 30. Rxe5 Ne4+ 31. Ke3 Nxg3 32. Rc1
Kf6 33. Kd4 Rg8 34. Re3 Rg4+ 35. Kd3 Bb5+ 36. Kc2 f4 37. Re6+ Kf5 38. Re7 Ne4
39. Rxb7 a6 40. Kb3 f3 41. Rc8 f2 42. Rf7+ Ke5 0-1

[Event "Nationale I"]
[Site "Noisy le Grand"]
[Date "2008.04.05"]
[Round "10"]
[White "Picard, Romain"]
[Black "Carlier, Bruno"]
[Result "1-0"]
[WhiteElo "2368"]
[BlackElo "2403"]
[PlyCount "119"]
[EventDate "2008.??.??"]

1. e4 d6 2. d4 Nf6 3. Nc3 g6 4. f4 Bg7 5. Nf3 O-O 6. Bd3 Nc6 7. O-O e5 8. dxe5
dxe5 9. f5 Nb4 10. Bg5 Qd6 11. fxg6 hxg6 12. Kh1 Nxd3 13. cxd3 Nh7 14. Be3 c6
15. Qe2 Be6 16. Rad1 c5 17. Qf2 b6 18. Qh4 f5 19. exf5 gxf5 20. Bh6 Rf6 21.
Bxg7 Kxg7 22. Qg3+ Rg6 23. Qxe5+ Qxe5 24. Nxe5 Rh6 25. d4 cxd4 26. Rxd4 Ng5 27.
Nf3 Nxf3 28. Rxf3 Rc8 29. Kg1 Kf6 30. Re3 Rc6 31. h3 Rh7 32. a3 Rg7 33. Nd5+
Bxd5 34. Rxd5 Rc1+ 35. Kh2 f4 36. Re2 Rf1 37. Rdd2 Kf5 38. Rf2 Rxf2 39. Rxf2
Ke4 40. Rf3 Rh7 41. Rb3 Rh5 42. a4 Rh6 43. Rb5 Rh7 44. Kg1 Rh6 45. Rg5 a6 46.
Rg8 Rc6 47. Re8+ Kd3 48. Kf2 Rc2+ 49. Kf3 Rxb2 50. h4 Rb1 51. Kxf4 Rb4+ 52. Kg5
Rxa4 53. h5 Ra1 54. h6 Rh1 55. Re6 b5 56. Rxa6 b4 57. Rb6 Kc3 58. g4 b3 59. Kg6
b2 60. h7 1-0

[Event "Nationale I"]
[Site "Noisy le Grand"]
[Date "2008.04.05"]
[Round "10"]
[White "Jossien, Remy"]
[Black "Bedouin, Xavier"]
[Result "1/2-1/2"]
[WhiteElo "2297"]
[BlackElo "2369"]
[PlyCount "71"]
[EventDate "2008.??.??"]

1. d4 Nf6 2. Nf3 d5 3. Bf4 c5 4. e3 Nc6 5. c3 Qb6 6. Qb3 c4 7. Qc2 Bf5 8. Qc1
h6 9. h3 e6 10. Nbd2 Qd8 11. Be2 Bd6 12. O-O O-O 13. Re1 Re8 14. Bd1 e5 15.
dxe5 Nxe5 16. Nxe5 Bxe5 17. Bxe5 Rxe5 18. Bc2 Bxc2 19. Qxc2 Qb6 20. Rad1 Qa5
21. a3 Qc5 22. Nf3 Ree8 23. Rd4 b5 24. Qf5 Qb6 25. Nd2 Rad8 26. e4 dxe4 27.
Nxe4 Nxe4 28. Rdxe4 Rxe4 29. Qxe4 Qf6 30. Qe3 a6 31. g3 g5 32. Qe4 Rd2 33. Re2
Rxe2 34. Qxe2 Qf5 35. Kg2 Kg7 36. g4 1/2-1/2

[Event "Nationale I"]
[Site "Noisy le Grand"]
[Date "2008.04.05"]
[Round "10"]
[White "Picard, Clement"]
[Black "Platel, Alexandre"]
[Result "1-0"]
[WhiteElo "2190"]
[BlackElo "2208"]
[PlyCount "114"]
[EventDate "2008.??.??"]

1. e4 c5 2. Nc3 e6 3. g3 Nc6 4. Bg2 d6 5. d3 g6 6. Be3 Bg7 7. Qd2 Rb8 8. Nge2
Nd4 9. Nc1 b5 10. O-O b4 11. Nd1 Ne7 12. c3 bxc3 13. bxc3 Ndc6 14. Bh6 O-O 15.
Bxg7 Kxg7 16. Ne3 f5 17. Ne2 Ba6 18. exf5 gxf5 19. Nf4 Qd7 20. Nc2 Kh8 21. Rfb1
e5 22. Nd5 Nxd5 23. Bxd5 Ne7 24. Bg2 Qe6 25. Na3 Rxb1+ 26. Rxb1 f4 27. Nc2 f3
28. Bf1 Nd5 29. h4 Qg6 30. Kh2 Nf6 31. Ne3 d5 32. Rb2 d4 33. cxd4 cxd4 34. Nc2
Ng4+ 35. Kg1 h5 36. Rb3 Kh7 37. Rb4 Nh6 38. Na3 Nf5 39. Kh2 Rg8 40. Qe1 Nh6 41.
Nc4 Re8 42. Qd1 Ng4+ 43. Kg1 Rf8 44. Qd2 Rf7 45. Bh3 e4 46. dxe4 Qxe4 47. Bf1
Qd5 48. Nb6 axb6 49. Bxa6 Rd7 50. Bd3+ Kh8 51. Rxb6 Qe5 52. Rb5 Rd5 53. Rb7 Ne3
54. Qb2 Rd8 55. Rh7+ Kg8 56. Qb7 Qf6 57. fxe3 dxe3 1-0

[Event "Nationale I"]
[Site "Noisy le Grand"]
[Date "2008.04.05"]
[Round "10"]
[White "Gouvart, Stephane"]
[Black "Saada, Julien"]
[Result "0-1"]
[WhiteElo "1975"]
[BlackElo "2286"]
[PlyCount "60"]
[EventDate "2008.??.??"]

1. e4 c6 2. d4 d5 3. Nd2 dxe4 4. Nxe4 Bf5 5. Ng3 Bg6 6. f4 h5 7. f5 Bxf5 8.
Nxf5 Qa5+ 9. Bd2 Qxf5 10. Bd3 Qe6+ 11. Ne2 g6 12. O-O Bh6 13. Nf4 Qd6 14. c3
Nf6 15. Qc2 Rg8 16. Rae1 Nbd7 17. Qb3 O-O-O 18. Qxf7 e5 19. dxe5 Nxe5 20. Qe6+
Qxe6 21. Nxe6 Bxd2 22. Rxe5 Ng4 23. Ra5 Rxd3 24. h3 Be3+ 25. Kh1 Nh6 26. Rf3
Rd1+ 27. Kh2 Bg1+ 28. Kg3 Nf5+ 29. Kf4 Re8 30. g4 Nh4 0-1

[Event "Nationale I"]
[Site "Noisy le Grand"]
[Date "2008.04.05"]
[Round "10"]
[White "Boulan, Laura"]
[Black "Husson, Cybele"]
[Result "1-0"]
[WhiteElo "1921"]
[BlackElo "2026"]
[PlyCount "91"]
[EventDate "2008.??.??"]

1. e4 Nf6 2. e5 Nd5 3. d4 d6 4. exd6 exd6 5. Nf3 Be7 6. Be2 Bf5 7. a3 O-O 8.
O-O Bf6 9. c4 Nb6 10. Nc3 Re8 11. Qb3 Nc6 12. Be3 a5 13. Qb5 Ne7 14. Rad1 Bc2
15. Rd2 c6 16. Qh5 Bg6 17. Qg4 Qd7 18. Qxd7 Nxd7 19. Bf4 d5 20. cxd5 Nxd5 21.
Nxd5 cxd5 22. Bb5 Re4 23. Bg3 Bf5 24. Bd3 Rc8 25. Bxe4 Bxe4 26. Re1 b5 27. Rde2
g6 28. Nd2 Bxd4 29. Nxe4 dxe4 30. Rxe4 Bxb2 31. Re8+ Rxe8 32. Rxe8+ Kg7 33. Bd6
Bc3 34. Rd8 Nb6 35. Rb8 Bd4 36. Be7 f6 37. Rb7 Kh6 38. Bd8 Nc4 39. Rxb5 Nxa3
40. Rxa5 Nc2 41. Be7 f5 42. h4 Kh5 43. Kf1 Bg7 44. f3 Bd4 45. g4+ Kh6 46. Bf8+
1-0

[Event "Nationale I"]
[Site "Noisy le Grand"]
[Date "2008.04.05"]
[Round "10"]
[White "Cossin, Sebastien"]
[Black "Dieu, Bruno"]
[Result "1-0"]
[WhiteElo "2451"]
[BlackElo "2262"]
[PlyCount "119"]
[EventDate "2008.??.??"]

1. d4 e6 2. c4 b6 3. Nc3 Bb7 4. d5 Bb4 5. Qb3 Qe7 6. a3 Bxc3+ 7. Qxc3 Nf6 8.
dxe6 fxe6 9. Nf3 Ne4 10. Qc2 O-O 11. h4 h6 12. g4 e5 13. Be3 Nxf2 14. Bxf2 e4
15. O-O-O exf3 16. exf3 Bxf3 17. Re1 Qxe1+ 18. Bxe1 Bxh1 19. Bd3 Nc6 20. Bc3
Rae8 21. g5 Be4 22. Kb1 Rf4 23. gxh6 gxh6 24. Bxe4 Rexe4 25. Qd3 Nd4 26. h5 Rg4
27. c5 bxc5 28. Qa6 Kh7 29. Qc8 Rg1+ 30. Ka2 Rg7 31. a4 Re5 32. Qb7 d6 33. Qxa7
Rxh5 34. Qa8 Re5 35. a5 Ree7 36. Qd5 Rg5 37. Qb7 Rgg7 38. Qa8 Rgf7 39. a6 Nb5
40. Qh8+ Kg6 41. Bd2 Rh7 42. Qg8+ Rhg7 43. Qc4 c6 44. Qd3+ Kf6 45. Qf3+ Ke6 46.
Qxc6 Na7 47. Qe4+ Kd7 48. Qb7+ Ke6 49. Qb3+ Kd7 50. Bxh6 Rg4 51. Bf8 Rb4 52.
Qh3+ Re6 53. Qh7+ Ke8 54. Qxa7 Kxf8 55. Qd7 Re7 56. Qxd6 Kf7 57. b3 Rb5 58.
Qf4+ Kg7 59. Qg4+ Kf6 60. Qh4+ 1-0

[Event "Nationale I"]
[Site "Noisy le Grand"]
[Date "2008.04.05"]
[Round "10"]
[White "Carvallo, Henri"]
[Black "Sebag, Marie"]
[Result "0-1"]
[WhiteElo "2134"]
[BlackElo "2521"]
[PlyCount "120"]
[EventDate "2008.??.??"]

1. d4 d5 2. Bf4 Nf6 3. e3 c5 4. c3 e6 5. Nd2 Bd6 6. Bxd6 Qxd6 7. f4 Qb6 8. Rb1
Bd7 9. Bd3 Bb5 10. Qe2 Bxd3 11. Qxd3 a5 12. Ngf3 Qa6 13. Qxa6 Nxa6 14. Ne5 Rc8
15. O-O O-O 16. f5 b5 17. g4 cxd4 18. exd4 b4 19. fxe6 fxe6 20. g5 Nh5 21. g6
Rxf1+ 22. Rxf1 bxc3 23. bxc3 hxg6 24. c4 dxc4 25. Ndxc4 a4 26. Nb6 Rd8 27. Nbd7
Nb4 28. Rc1 Nxa2 29. Rc4 a3 30. Ra4 Nc3 31. Rxa3 Nf4 32. Kf2 Nb5 33. Ra4 Rc8
34. Nc5 Nxd4 35. Rxd4 Rxc5 36. Rd8+ Kh7 37. Nf3 g5 38. Kg3 Kg6 39. h4 Nh5+ 40.
Kg4 Rc4+ 41. Rd4 Nf6+ 42. Kg3 Rxd4 43. Nxd4 gxh4+ 44. Kxh4 e5 45. Ne6 Kf7 46.
Ng5+ Ke7 47. Nf3 Ke6 48. Kg5 e4 49. Nd4+ Ke5 50. Nf5 Ne8 51. Kg4 Nf6+ 52. Kg5
Nd5 53. Nxg7 e3 54. Nf5 e2 55. Nh4 Ke4 56. Ng2 Kf3 57. Ne1+ Kf2 58. Nc2 Ne3 59.
Nb4 Kf1 60. Nd3 Nd5 0-1

[Event "Nationale I"]
[Site "Noisy le Grand"]
[Date "2008.04.05"]
[Round "10"]
[White "Belkhodja, Slim"]
[Black "Menager, Erwan"]
[Result "1-0"]
[WhiteElo "2484"]
[BlackElo "2132"]
[PlyCount "69"]
[EventDate "2008.??.??"]

1. e4 c5 2. Nf3 d6 3. d4 cxd4 4. Nxd4 Nf6 5. Nc3 g6 6. f4 Nc6 7. Nf3 Bg7 8. Bd3
Qb6 9. h3 O-O 10. Qe2 Be6 11. g4 Rac8 12. f5 Bd7 13. Qf2 Qxf2+ 14. Kxf2 Nb4 15.
a3 Nxd3+ 16. cxd3 Bc6 17. Be3 b6 18. Rac1 Nd7 19. Bd4 Bxd4+ 20. Nxd4 Bb7 21.
Ke3 Ne5 22. Nd5 Bxd5 23. exd5 a6 24. Nc6 Nxc6 25. Rxc6 Rxc6 26. dxc6 Rc8 27.
Rc1 gxf5 28. gxf5 Rc7 29. Ke4 e6 30. d4 Kf8 31. f6 Kg8 32. d5 h6 33. Rg1+ Kh8
34. Rg7 e5 35. Kf5 1-0